Statistics for European Countries by Monument

Click here to take the quiz!

General Stats

  • This quiz has been taken 35 times
  • The average score is 21 of 47

Answer Stats

HintAnswer% Correct
Vaduz CastleLiechtenstein
83%
Brandenburg GateGermany
79%
Eiffel TowerFrance
72%
Hagia SofiaTurkey
72%
ColiseumItaly
69%
Sagrada FamiliaSpain
69%
ParthenonGreece
66%
Elizabeth Tower (Big Ben)United Kingdom
66%
Blarney StoneIreland
62%
The MatterhornSwitzerland
62%
Buda CastleHungary
59%
St. Peter's BasilicaVatican City
59%
Van Gogh MuseumNetherlands
55%
Belém TowerPortugal
55%
Tivoli GardensDenmark
52%
Monte CarloMonaco
52%
OslofjordNorway
48%
St. Basil's CathedralRussia
48%
Schönbrunn PalaceAustria
45%
SuomenlinnaFinland
45%
HallgrimskirkjaIceland
45%
Hill of CrossesLithuania
45%
Rozafa castleAlbania
41%
Kykkos MonasteryCyprus
38%
St. Vitus CathedralCzech Republic
38%
Alexander Nevsky CathedralEstonia
34%
HajlaKosovo
34%
Museum of Byzantine CultureMacedonia
34%
Bran CastleRomania
34%
Devín CastleSlovakia
34%
Grand PlaceBelgium
31%
NeretvaBosnia and Herzegovina
31%
Plitvice Lakes National ParkCroatia
31%
Freedom MonumentLatvia
31%
Stefan cel Mare Central ParkMoldova
31%
GuaitaSan Marino
31%
Triglav National parkSlovenia
31%
Vasa MuseumSweden
31%
Pechersk LavraUkraine
31%
VallnordAndorra
28%
St. John's Co-CathedralMalta
28%
Lake SkadarMontenegro
28%
The Palace of Arts and CulturePoland
28%
Church of Saint SavaSerbia
28%
Rila MonasteryBulgaria
24%
Mir Castle ComplexBelarus
17%
BockLuxembourg
17%

Score Distribution

Percentile by Number Answered

Percent of People with Each Score

Your Score History

You have not taken this quiz